|
|
|
|
| LEADER |
02154nam a2200541 a 4500 |
| 001 |
nkc20092027388 |
| 003 |
CZ PrNK |
| 005 |
20100419132029.0 |
| 007 |
ta |
| 008 |
091231s2010 xr a e f 000 0 cze |
| 015 |
|
|
|a cnb002027388
|
| 020 |
|
|
|a 978-80-247-3246-6
|q (brož.)
|
| 035 |
|
|
|a (OCoLC)607525887
|
| 040 |
|
|
|a BOA001
|b cze
|
| 072 |
|
7 |
|a 373.2/.3
|x Předškolní a primární výchova a vzdělávání
|2 Konspekt
|9 22
|
| 080 |
|
|
|a 373.2
|2 MRF
|
| 080 |
|
|
|a 316.346.32-053.4
|2 MRF
|
| 080 |
|
|
|a 159.955
|2 MRF
|
| 080 |
|
|
|a 373.29
|2 MRF
|
| 080 |
|
|
|a (035)
|2 MRF
|
| 100 |
1 |
|
|a Kutálková, Dana,
|d 1951-
|7 jn99240000574
|4 aut
|
| 245 |
1 |
0 |
|a Jak připravit dítě do 1. třídy :
|b obratnost a kresba, smyslové vnímání, řeč a početní představy, výchova, školní zralost a její posouzení /
|c Dana Kutálková
|
| 250 |
|
|
|a 2., dopl. vyd.
|
| 260 |
|
|
|a Praha :
|b Grada,
|c 2010
|
| 300 |
|
|
|a 204 s. :
|b il. ;
|c 21 cm
|
| 490 |
1 |
|
|a Pro rodiče
|
| 500 |
|
|
|a Na rubu tit. s. uvedeno chybně v údajích o vyd. jako 1. vyd.
|
| 504 |
|
|
|a Obsahuje bibliografii
|
| 650 |
0 |
7 |
|a předškolní výchova
|7 ph124887
|2 czenas
|
| 650 |
0 |
7 |
|a děti předškolního věku
|7 ph119710
|2 czenas
|
| 650 |
0 |
7 |
|a rozvoj myšlení
|7 ph135316
|2 czenas
|
| 650 |
0 |
7 |
|a školní zralost
|7 ph168223
|2 czenas
|
| 650 |
0 |
7 |
|a zahájení školní docházky
|7 ph208672
|2 czenas
|
| 650 |
0 |
9 |
|a preschool education
|2 eczenas
|
| 650 |
0 |
9 |
|a preschool children
|2 eczenas
|
| 650 |
0 |
9 |
|a development of thought
|2 eczenas
|
| 650 |
0 |
9 |
|a school readiness
|2 eczenas
|
| 650 |
0 |
9 |
|a school attendance
|2 eczenas
|
| 655 |
|
7 |
|a příručky
|7 fd133209
|2 czenas
|
| 655 |
|
9 |
|a handbooks and manuals
|2 eczenas
|
| 830 |
|
0 |
|a Pro rodiče
|0 s
|
| 856 |
4 |
1 |
|u http://www.digitalniknihovna.cz/mzk/uuid/uuid:b709b960-37df-11e4-8e0d-005056827e51
|y Digitalizovaný dokument
|x NDK
|
| 910 |
2 |
|
|a BOA001
|b 2-1239.225
|
| 990 |
|
|
|a BK
|
| 995 |
|
|
|a 01
|
| 991 |
|
|
|b 201003
|c NOV
|
| 996 |
6 |
|
|b 2610413668
|c 2-1239.225
|l MZK
|r Sklad / do 1 hodiny
|n 21
|p p.v.
|w 001111621
|u 000010
|a 1
|e BOA001
|j MZK50
|s P
|
| 996 |
7 |
|
|b 2610424396
|c 2-1239.225
|l Vol.výběr
|r VV 0p
|n 64
|p kup
|h 373.2/.3 KUT
|w 001111621
|u 000020
|a 0
|e BOA001
|j MZK50
|s A
|